00792cam a2200241 i 4500001000800000005001700008008004100025010001700066020002200083040001800105041001100123080001500134082001900149100000700168101000800175240004100183245009800224504004100322906004500363942001200408999001700420952011300437369850720180123041416.0790522m19889999nyu b 001 0 eng  a 79007460  a0394751221 (v. 2) aDLCcDLCdDLC1 aengfre a306.7 FOU 00a306.7 FOU 2191 a50 aSOC10aHistoire de la sexualité.lEnglish14aThe history of sexuality /cby Michel Foucault ; translated from the French by Robert Hurley. aIncludes bibliographies and indexes. a7bcbccorignewd1eocipf19gy-gencatlg 2ddccBK c40731d40731 00102udc40708PËKGa002b002cPËKGd2018-01-23l0o306.7 FOUp002-2996111r2018-01-23w2018-01-23yBK